Online
Catalog

Análisis transaccional : (Record no. 35828)

MARC details
000 -CABECERA
campo de control de longitud fija 00584nam a2200181 a 4500
001 - NÚMERO DE CONTROL
campo de control 000036337
005 - FECHA Y HORA DE LA ÚLTIMA TRANSACCIÓN
campo de control 20251017104247.0
008 - DATOS DE LONGITUD FIJA--INFORMACIÓN GENERAL
campo de control de longitud fija 120113s1983 sp a 000 0 spa d
040 ## - FUENTE DE LA CATALOGACIÓN
Centro catalogador/agencia de origen DO-SdBNP
Lengua de catalogación spa
Centro/agencia transcriptor BNPHU
245 00 - MENCIÓN DE TÍTULO
Título Análisis transaccional :
Resto del título modelo y aplicaciones /
Mención de responsabilidad, etc. J. M. Roman ...[et al.].
260 ## - PUBLICACIÓN, DISTRIBUCIÓN, ETC.
Lugar de publicación, distribución, etc. Barcelona :
Nombre del editor, distribuidor, etc. Ediciones CEAC,
Fecha de publicación, distribución, etc. 1983.
300 ## - DESCRIPCIÓN FÍSICA
Extensión 448 p. :
Otras características físicas il. ;
Dimensiones 25 cm.
490 0# - MENCIÓN DE SERIE
Mención de serie Colección educación y enseñanza
650 20 - PUNTO DE ACCESO ADICIONAL DE MATERIA--TÉRMINO DE MATERIA
Término de materia o nombre geográfico como elemento de entrada Análisis transaccional
9 (RLIN) 3098
650 20 - PUNTO DE ACCESO ADICIONAL DE MATERIA--TÉRMINO DE MATERIA
Término de materia o nombre geográfico como elemento de entrada Psicología
9 (RLIN) 152
650 24 - PUNTO DE ACCESO ADICIONAL DE MATERIA--TÉRMINO DE MATERIA
Término de materia o nombre geográfico como elemento de entrada Psiquiatría
9 (RLIN) 18234
700 1# - PUNTO DE ACCESO ADICIONAL--NOMBRE DE PERSONA
Nombre de persona Roman, J. M.
9 (RLIN) 62505
Holdings
Estado de retiro Estado de pérdida Restricciones de uso No para préstamo Código de colección Localización permanente Ubicación/localización actual Ubicación en estantería Fecha de adquisición Número de inventario Total de préstamos Signatura topográfica completa Código de barras Fecha visto por última vez Precio válido a partir de Tipo de ítem Koha
      Excluido de préstamo Monografías: Libros y Folletos General General En catalogación 13.01.2012 LF1   36338-10 25.06.2020 25.06.2020 No se presta

Powered by Koha